Taking Sides: Clashing Views in State and Local Government : (Record no. 614239)

MARC details
000 -LEADER
fixed length control field 00509nam a2200181 a 4500
008 - FIXED-LENGTH DATA ELEMENTS--GENERAL INFORMATION
fixed length control field 260217s2010##################000#0#eng##
020 ## - INTERNATIONAL STANDARD BOOK NUMBER
ISBN 9780078050053
082 04 - DEWEY DECIMAL CLASSIFICATION NUMBER
Classification number 320
Item number WOO
100 1# - MAIN ENTRY--AUTHOR NAME
Personal name Wood, John,
245 10 - TITLE STATEMENT
Title Taking Sides: Clashing Views in State and Local Government :
260 ## - PUBLICATION, DISTRIBUTION, ETC. (IMPRINT)
Name of publisher McGraw-Hill Education,
Year of publication 2010.
650 #0 - SUBJECT ADDED ENTRY--TOPICAL TERM
Topical Term Political Science.
942 ## - ADDED ENTRY ELEMENTS (KOHA)
Koha item type English Books
Holdings
Withdrawn status Lost status Damaged status Not for loan Home library Current library Shelving location Date acquired Full call number Accession Number Price effective from Koha item type
        Anna Centenary Library Anna Centenary Library 3RD FLOOR, B WING 20.02.2026 320 WOO 407253 20.02.2026 English Books

Find us on the map